|
|
|
|
| LEADER |
00782naa a2200181 i 4500 |
| 001 |
acta61367 |
| 005 |
20260224081030.0 |
| 008 |
190917s2016 hu o 100 eng d |
| 040 |
|
|
|a SZTE Egyetemi Kiadványok Repozitórium
|b hun
|
| 041 |
|
|
|a eng
|
| 100 |
1 |
|
|a Koivuhovi Satu
|
| 245 |
1 |
4 |
|a The development of agency and control beliefs in general classes and classes with special emphasis from grade 4 to 6 in Finland
|h [elektronikus dokumentum] /
|c Koivuhovi Satu
|
| 260 |
|
|
|c 2016
|
| 300 |
|
|
|a 103
|
| 490 |
0 |
|
|a Pedagógiai Értékelési Konferencia
|v 14
|
| 695 |
|
|
|a Oktatásügy - általános iskola - Finnország - előadáskivonat
|
| 710 |
|
|
|a Pedagógiai Értékelési Konferencia (14.) (2016) (Szeged)
|
| 856 |
4 |
0 |
|u http://acta.bibl.u-szeged.hu/61367/1/pek_2016_103.pdf
|z Dokumentum-elérés
|